000 00498nam a2200181Ia 4500
999 _c10162
_d10162
003 OSt
005 20191231102729.0
008 190216s9999||||xx |||||||||||||| ||und||
020 _a8773810700
040 _coclc
082 _a330
_bMUK/E
100 _aMukherjee, Sampat
_9456
245 0 _aEconomics /
_cSampat Mukherjee
260 _bNew Central Book Agencies,
_c1995.
_aCalcutta:
300 _a466 p
650 _aEconomics
942 _cBK
_2ddc
_h330
_iMUK/E
_k330
_mMUK/E